00983nam a22002055i 4500001000700000003000900007005001700016008004100033040002000074100003700094245023200131260006800363300003100431490006400462530003500526650002800561830006400589852003500653856008900688152584ES-MaACL20250929063218.0961008s1847 sp |||| | spa d aCYL bspa cCYL1 aBoyer, Pierre-Denis, d1766-184210aImpugnación de la herejia constitucional que somete la religion a la potestad civil ... precede la Historia de esta misma herejia desde la reforma de Lutero hasta la epoca presente / cobra escrita en francés por Mr. Boyer. aMadrid : bImprenta de D. José Felix Palacios editor, c1847. aX p., p. 12-372 ; c18 cm.1 aBiblioteca religiosa / por una Sociedad de Literatos ; v45 aDisponible en formato digital.07aIglesia y Estado2embne0 aBiblioteca religiosa / por una Sociedad de Literatos ; v45 aES-MaACLjB-13447 z-- Rúst. uhttp://bdh-rd.bne.es/viewer.vm?id=0000126109&page=1 zBiblioteca Digital Hispánica